| 000 | 00784nam a22001817a 4500 | ||
|---|---|---|---|
| 005 | 20251108165334.0 | ||
| 008 | 250721s1992 xx 000 0 ara d | ||
| 082 | 1 | 4 | _aم/001.5/صلا |
| 100 | 1 | _aبن عيسى، صلاح الدين | |
| 245 | 1 | 0 |
_aالدليل الببليوغرافي لمنشورات المنظمة : _bدليل شامل للكتب و الدوريات التي أصدرتها المنظمة و أجهزتها 1947-1990 / |
| 264 | 1 |
_aتونس : _bالمنظمة العربية للتربية و الثقافة و اتلعلوم،إدارة التوثيق و المعلومات، _c1992. |
|
| 300 | _a261ص | ||
| 650 | 1 | 7 | _aالببليوغرافيا |
| 650 | 1 | 7 | _aالمطبوعات |
| 700 | 1 | _aالزاهي، محمد | |
| 942 |
_2ddc _cREF |
||
| 999 |
_c25461 _d25461 |
||